000 00405cam a2200169ua 4500
020 _c1.25
041 _amal
_h
082 _a894.8121
_bSUG/PA
100 _aSugathakumari, .
245 _aPathirapookkal /
_cSugathakumari.
_hTextual Documents
260 _aKottayam :
_bNational Book Stall ,
_c1967.
300 _a79 ; .
365 _a1.25
504 _a
942 _cBK
999 _c1188
_d1188